Biological apocalypse: Species extinction in the anthropocene (Record no. 1234113)

MARC details
000 -LEADER
fixed length control field 00605nam a2200217Ia 4500
005 - DATE AND TIME OF LATEST TRANSACTION
control field 20241129120255.0
008 - FIXED-LENGTH DATA ELEMENTS--GENERAL INFORMATION
fixed length control field 241129s9999||||xx |||||||||||||| ||und||
020 ## - INTERNATIONAL STANDARD BOOK NUMBER
International Standard Book Number 9789356878655
037 ## - SOURCE OF ACQUISITION
Stock number TB
040 ## - CATALOGING SOURCE
Original cataloging agency SDCL
Language of cataloging eng
Transcribing agency SDCL
041 ## - LANGUAGE CODE
Language code of text/sound track or separate title eng
Source of code eng
084 ## - COLON CLASSIFICATION NUMBER
Classification number G:527 R3
Assigning agency SDCL
100 ## - MAIN ENTRY--PERSONAL NAME
Personal name Bhattacharyya Pronami Ed.
9 (RLIN) 729361
245 #0 - TITLE STATEMENT
Title Biological apocalypse: Species extinction in the anthropocene
260 ## - PUBLICATION, DISTRIBUTION, ETC.
Place of publication, distribution, etc. Delhi
Name of publisher, distributor, etc. Primus Books India
Date of publication, distribution, etc. 2023
300 ## - PHYSICAL DESCRIPTION
Extent xvi,322p.
365 ## - TRADE PRICE
Price type code INR
Price amount 1395
650 ## - SUBJECT ADDED ENTRY--TOPICAL TERM
Topical term or geographic name entry element History
942 ## - ADDED ENTRY ELEMENTS (KOHA)
Koha item type Textbook
Classification part G:527 R3
Holdings
Withdrawn status Lost status Damaged status Not for loan Home library Current library Date acquired Source of acquisition Cost, normal purchase price Total Checkouts Full call number Barcode Date last seen Price effective from Koha item type
        South Campus Library South Campus Library 2024-11-29 Govinda Book House 1395.00   G:527 R3 SC1808035 2024-11-29 2024-11-29 Textbook
Copyright @ Delhi University Library System